000 00921nac a22002651u 4500
010 _a 85026221
020 _a0815623542 (alk. paper)
082 0 0 _a305.40962
_bSUL
090 _c6972
_d6972
100 _aSullivan, Earl L.
245 1 0 _aWomen in Egyptian public life /
_cEarl L. Sullivan.
250 _a1st ed.
260 _aSyracuse, N.Y. :
_bSyracuse University Press,1986
_c1986.
300 _axiii, 223 p. ;
_c24 cm.
440 0 _aContemporary issues in the Middle East
500 _aIncludes index.
500 _adistributer: Al-Ahram
504 _aBibliography: p. 207-215.
511 _acatalogued by: wessam
650 0 _aWomen in public life
_zEgypt.
650 0 _aWomen in politics
_zEgypt.
650 0 _aBusinesswomen
_zEgypt.
942 _cBB
_k305.40962SUL
999 _c6972
_d6972